A suitable boy / (Record no. 54244)
[ view plain ]
| 000 -LEADER | |
|---|---|
| fixed length control field | 01467nam a22002657a 4500 |
| 005 - DATE AND TIME OF LATEST TRANSACTION | |
| control field | 20110722150136.0 |
| 010 ## - LCCN (DPL NO) | |
| LC control number | B-428250-254 |
| 020 ## - INTERNATIONAL STANDARD BOOK NUMBER | |
| International Standard Book Number | 9780060786526 |
| Terms of availability | 750.00 |
| 035 ## - SYSTEM CONTROL NUMBER | |
| System control number | B-428250-254 |
| 037 ## - SOURCE OF ACQUISITION | |
| Source of stock number/acquisition | Allied Publishers |
| 082 ## - DEWEY DECIMAL CLASSIFICATION NUMBER | |
| Classification number | N |
| 100 ## - MAIN ENTRY--PERSONAL NAME | |
| Personal name | Seth, Vikram |
| 245 ## - TITLE STATEMENT | |
| Title | A suitable boy / |
| Statement of responsibility, etc | by Vikram Seth |
| 260 ## - PUBLICATION, DISTRIBUTION, ETC. (IMPRINT) | |
| Place of publication, distribution, etc | New York |
| Name of publisher, distributor, etc | Harper Collins |
| Date of publication, distribution, etc | 2005 |
| 270 ## - ADDRESS | |
| Address | 10 East 53rd Street, |
| City | New York |
| Postal code | 110022 |
| 300 2# - PHYSICAL DESCRIPTION | |
| Extent | 1474p. . |
| Dimensions | 21cm(Pbk) |
| 650 ## - SUBJECT ADDED ENTRY--TOPICAL TERM | |
| Topical term or geographic name as entry element | Novel |
| 942 ## - ADDED ENTRY ELEMENTS (KOHA) | |
| Source of classification or shelving scheme | Dewey Decimal Classification |
| Item type | English Books |
| Call number suffix | SET |
| Classification part | N |
| Withdrawn status | Lost status | Not for loan | Collection code | Home library | Current library | Date acquired | Source of acquisition | Cost, normal purchase price | Full call number | Barcode | Copy number | Cost, replacement price | Koha item type |
|---|---|---|---|---|---|---|---|---|---|---|---|---|---|
| Fiction | Bawana | Bawana | 02/08/2011 | Allied Publishers/CR/0002777/16.3.11/75/4.3.11/30.3.11 | 750.00 | N SET | B-428253 | 1 | 750.00 | English Books | |||
| Fiction | Central Library | Central Library | 02/08/2011 | Allied Publishers/CR/0002777/16.3.11/75/4.3.11/30.3.11 | 750.00 | N SET | B-428250 | 1 | 750.00 | English Books | |||
| Fiction | Patel Nagar | Patel Nagar | 02/08/2011 | Allied Publishers/CR/0002777/16.3.11/75/4.3.11/30.3.11 | 750.00 | N SET | B-428251 | 1 | 750.00 | English Books | |||
| Written-off vide DLB M. No. 383 dt 16.05.19 | Fiction | Sarojini Nagar | Sarojini Nagar | 02/08/2011 | Allied Publishers/CR/0002777/16.3.11/75/4.3.11/30.3.11 | 750.00 | N SET | B-428252 | 1 | 750.00 | English Books | ||
| Written-off vide DLB M. No. 383 dt 16.05.19 | Fiction | Shahdara Branch | Shahdara Branch | 02/08/2011 | Allied Publishers/CR/0002777/16.3.11/75/4.3.11/30.3.11 | 750.00 | N SET | B-428254 | 1 | 750.00 | English Books |
